Szczegóły MARC21

The dialects of England /

003 -Nazwa inst., której nr kontr. jest w polu 001 [,]
    • @
    • Nazwa instytucji, której n kontrolny jest w polu 001
    • NUKAT
005 -DATA I CZAS OSTATNIEJ MODYFIKACJI [,]
    • @
    • pole kontrolne
    • 20241231105257.0
020 -Międzynarod. znormalizowany nr książki - ISBN [ , ]
    • a
    • Numer ISBN
    • 0631218149 Find
    • q
    • Dopowiedzenie
    • hardback : acid-free paper
020 -Międzynarod. znormalizowany nr książki - ISBN [ , ]
    • a
    • Numer ISBN
    • 0631218157 Find
    • q
    • Dopowiedzenie
    • pbk. : acid-free paper
040 -Instytucja sporządzająca opis [ , ]
    • a
    • Instytucja, która sporządziła opis (NP)
    • KR 119/rk
    • c
    • Instytucja, która sporządziła rekord (NP)
    • KR 119/rk
    • d
    • Instytucja, która zmodyfikowała rekord (P)
    • KR 119/rks
942 -Rodzaj dokumentu [ , ]
    • c
    • Rodzaj dokumentu
    • Książka
100 -Hasło główne - nazwa osobowa [1, ]
    • a
    • Nazwa osobowa (NP)
    • Trudgill, Peter
    • d
    • Daty biograficzne (NP)
    • (1943- ).
    • 9
    • KHW
    • 466441
245 -Strefa tytułu i oznaczenia odpowiedzialności [1,4]
    • a
    • Tytuł
    • The dialects of England / Find
    • c
    • Pozostałe elementy strefy tytułu i oznaczenia odpowiedzialności (NP)
    • Peter Trudgill.
250 -Strefa wydania [ , ]
    • a
    • Oznaczenie wydania (NP)
    • 2nd ed.
260 -Strefa adresu wydawniczego [ , ]
    • a
    • Miejsce wydania (P)
    • Malden [etc.] :
    • b
    • Nazwa wydawcy (P)
    • Blackwell Publishing,
    • c
    • Data wydania (P)
    • 1999.
300 -Strefa opisu fizycznego [ , ]
    • a
    • Określenie formy książki i/lub objętość (NP)
    • X, 154 s. :
    • b
    • Oznaczenie ilustracji (NP)
    • il. ;
    • c
    • Format (NP)
    • 23 cm.
336 -Typ zawartości [ , ]
    • a
    • Termin opisujący typ zawartości
    • Tekst
    • b
    • Kod określający zawartość
    • txt
    • 2
    • Źródło (terminu i kodu)
    • rdacontent
337 -Typ mediów [ , ]
    • a
    • Tryb odtwarzania
    • Bez urządzenia pośredniczącego
    • b
    • Kod typu mediów
    • n
    • 2
    • Źródło (terminu i kodu)
    • rdamedia
338 -Typ/rodzaj nośnika [ , ]
    • a
    • Hasło opisujące typ nośnika
    • Wolumin
    • b
    • Kod typu nośnika
    • nc
    • 2
    • Źródło (terminu i kodu)
    • rdacarrier
504 -Uwaga dot. bibliogr. załącznikowej [ , ]
    • a
    • Uwaga dot. bibliografii załącznikowej
    • Bibliogr. s. 137-140. Indeks.
080 -Uniwersalna Klasyfikacja Dziesiętna [ , ]
    • a
    • Symbol klasyfikacji
    • 802.0-07=20
650 -Hasło przedmiotowe [ ,7]
    • a
    • Hasło przedmiotowe
    • Język angielski
    • x
    • Określnik rzeczowy
    • dialekty.
    • 2
    • Źródło terminu
    • kaba
    • 9
    • KHW
    • 112975
650 -Hasło przedmiotowe [ ,7]
    • a
    • Hasło przedmiotowe
    • Język angielski
    • x
    • Określnik rzeczowy
    • aspekt społeczny.
    • 2
    • Źródło terminu
    • kaba
    • 9
    • KHW
    • 366643
980 -Symbol UKD [ , ]
    • a
    • UKD
    • 802.0-07=20
920 -ISBN [ , ]
    • a
    • ISBN
    • 0-631-21814-9 Find
    • q
    • Dopowiedzenie
    • hardback : acid-free paper
920 -ISBN [ , ]
    • a
    • ISBN
    • 0-631-21815-7 Find
    • q
    • Dopowiedzenie
    • pbk. : acid-free paper
Sygnatura Data inwentaryzacji Lokalizacja Status udost. Numer inwentarzowy
ANG. Odmiany jęz. ang. 072002-07-30BM1A.6597